000
00334nam a2200133Ia 4500
008
240624s9999 xx 000 0 und d
041
_a
eng
082
_a
337 MIL
100
_a
MILLIOT ERIC
245
_a
PARADOXES OF GLOBALISATION
260
_c
2010
_a
New York
_b
Palgrave Macmillan
300
_a
x, 302 p.; 22 cm.
365
_c
BPS
_b
38
999
_c
29288
_d
29288